000 00714nam a2200217 a 4500
001 BRCA_4844
005 20190320204828.0
008 131010s1994----mx-a######---#000-0#eng-#
041 _aeng
044 _amx
050 4 _aPQ6329
_b.W57 1994
245 1 0 _aThe wisdom of don Quixote
_cselection of texts Ricardo Elizondo ; illustrations Jack Unruh ; translator Susan Moreira.
260 _aMonterrey, N.L., México
_bITESM Campus Monterrey
_cc1994
300 _a1 v. (sin paginación)
_bil. a color
_c22 cm.
500 _aIncluye clasificación por temas
700 1 _aElizondo, Ricardo
_912265
700 1 _aUnruh, Jack
_eil.
_912266
700 1 _aMoreira, Susan
_etrad.
_95394
902 _aCERV
942 _2lcc
_cB
999 _c4538
_d4538